libro Inglés idiomático 1 (Registro nro. 2058)

Detalles MARC
000 -LEADER
fixed length control field 01561nam a22001937a 4500
003 - CONTROL NUMBER IDENTIFIER
control field OSt
005 - DATE AND TIME OF LATEST TRANSACTION
control field 20260409110044.0
008 - FIXED-LENGTH DATA ELEMENTS--GENERAL INFORMATION
fixed length control field 260409b |||||||| |||| 00| 0 SPA d
082 ## - DEWEY DECIMAL CLASSIFICATION NUMBER
Edition number 9786071713667
100 ## - MAIN ENTRY--PERSONAL NAME
Personal name Eugene Long y William Buckwald
245 ## - TITLE STATEMENT
Title libro Inglés idiomático 1
250 ## - EDITION STATEMENT
Edition statement 9ª edición
260 ## - PUBLICATION, DISTRIBUTION, ETC.
Place of publication, distribution, etc. Ciudad de México, México
Name of publisher, distributor, etc. Trillas
Date of publication, distribution, etc. 2012-2013
300 ## - PHYSICAL DESCRIPTION
Extent 256 pág
Size of unit 15 x 1.2 x 23 cm
490 ## - SERIES STATEMENT
Materials specified Tapa blanda (Paperback)
520 ## - SUMMARY, ETC.
Summary, etc. El objetivo principal de Inglés idiomático 1 es facilitar el aprendizaje del idioma mediante un enfoque práctico y estructurado para principiantes. El libro busca que el estudiante desarrolle habilidades de comunicación básicas a través de situaciones de la vida cotidiana. Se enfoca en la enseñanza de estructuras gramaticales esenciales combinadas con un vocabulario funcional y actual. Además, promueve la comprensión auditiva y la expresión oral mediante ejercicios repetitivos y contextualizados.<br/>Los autores diseñaron el material para que el alumno pueda interactuar de forma natural en entornos sociales básicos. También incluye secciones dedicadas a la lectura y escritura para lograr un equilibrio en las cuatro competencias lingüísticas. Finalmente, el texto pretende que el usuario adquiera confianza al hablar, utilizando modismos y frases comunes del inglés americano. Es una herramienta diseñada para sentar bases sólidas en el estudio formal del idioma a nivel bachillerato o técnico.
700 ## - ADDED ENTRY--PERSONAL NAME
Personal name Eugene Long y William Buckwald
942 ## - ADDED ENTRY ELEMENTS (KOHA)
Source of classification or shelving scheme Dewey Decimal Classification
Koha item type Acceso Libre
Suppress in OPAC No
Existencias
Withdrawn status Lost status Source of classification or shelving scheme Damaged status Not for loan Collection Home library Current library Shelving location Date acquired Source of acquisition Coded location qualifier Inventory number Total checkouts Full call number Barcode Date last seen Copy number Price effective from Koha item type
    Dewey Decimal Classification     Estantería F Fila 2 Biblioteca Stanford Biblioteca Stanford Biblioteca Abierta 09.04.2026 IDIOMAS 0482 0482   INGLES IDIOMA0482 09.04.2026 1 09.04.2026 Acceso Libre
Bienvenido a nuestra Biblioteca